[Event "MetroWest CC Summer op"]
[Site "Natick"]
[Date "2003.??.??"]
[Round "2"]
[White "Powell, Robert"]
[Black "Eldridge, Larry"]
[Result "1-0"]
[WhiteElo "1980"]
[BlackElo "1775"]
[PlyCount "53"]
[EventDate "2003.??.??"]
[EventType "swiss"]
[EventRounds "4"]
[EventCountry "USA"]
[SourceTitle "EXT 2007"]
[Source "ChessBase"]
[SourceDate "2006.11.23"]
[SourceVersion "1"]
[SourceVersionDate "2006.11.23"]
[SourceQuality "1"]

1. c4 Nf6 2. g3 g6 3. Bg2 Bg7 4. Nc3 0-0 5. e4 d6 6. Nge2 c5 7. d3 Nc6 8. h3 Rb8 9. 0-0 a6 10. f4 b5 11. e5 dxe5 12. Bxc6 Bxh3 13. Bg2 Bf5 14. Ne4 Bxe4 15. dxe4 bxc4 16. Nc3 Qd4+ 17. Kh1 Rfd8 18. Qf3 Qd3 19. Be3 exf4 20. Qxf4 Nh5 21. Qf2 Rb7 22. Qxf7+ Kh8 23. Rad1 Nxg3+ 24. Kh2 Nxf1+ 25. Qxf1 Qxf1 26. Rxd8+ Bf8 27. Bxf1 1-0